000 00683nam a2200217 i 4500
001 50614
003 ES-MaACL
005 20250823051516.0
007 t|
008 030805s1965 sp af |||| | spa d
080 _a914.4+914.60 Camino de Santiago (036)
100 1 _aCunqueiro, Álvaro,
_d1911-1981
_942188
245 1 3 _aEl camino de Santiago /
_cÁlvaro Cunqueiro.
260 _a[Vigo :
_bFaro de Vigo,
_c1965]
300 _a107 p., lám. col. :
_bil. col. ;
_c21 cm.
597 _aV. apaisado.
651 4 _aGalicia-
_vGuías turísticas.
_98727
651 4 _aCamino de Santiago-
_vGuías turísticas.
_97933
852 _aES-MaACL
_jC-28491
999 _c50614
_d50614